| 000 | 00879nam a2200289I 4500 | ||
|---|---|---|---|
| 001 | 9082 | ||
| 003 | BD-RjUL | ||
| 005 | 20211208234719.0 | ||
| 008 | 140120s1957 nyua b 000 0 eng u | ||
| 035 | _aMITb10163506 | ||
| 035 | _a(OCoLC)02314830 | ||
| 035 |
_aGLIS00163506 _a(BD-RjUL)9127 |
||
| 040 |
_cCSU _dMYG _dBD-RjUL _aMCM _beng |
||
| 041 | _aeng | ||
| 082 | 0 | 4 |
_218 _a539.2 _bKAF 1957 |
| 090 |
_aQC595 _b.K16 |
||
| 099 | _aQC595.K16 | ||
| 100 | 1 |
_aKanzig, Werner. _928193 |
|
| 245 | 1 | 0 |
_aFerroelectrics and antiferroelectrics / _cWerner Känzig. |
| 260 |
_aNew York : _bAcademic Press, _cc1957. |
||
| 300 |
_a197 p. : _billus., diagrs., tables. ; _c22 cm. |
||
| 490 | 1 | _aSolid state reprints | |
| 500 | _a"First published in Solid state physics, volume 4...1957." | ||
| 650 | 0 |
_aFerroelectricity. _928194 |
|
| 830 | 0 |
_aSolid state reprints. _928201 |
|
| 942 |
_2ddc _cBK |
||
| 999 |
_c9082 _d9082 |
||